| 000 | 00573cam a22002171 4500 | ||
|---|---|---|---|
| 001 | ne 67000536 | ||
| 003 | DLC | ||
| 005 | 20260227111830.0 | ||
| 008 | 890402s1957 xx a 000 0 per | ||
| 010 | _ane 67000536 | ||
| 035 | _a(OCoLC)23555439 | ||
| 040 |
_aDLC _cMiU _dDLC |
||
| 042 | _apremarc | ||
| 050 | 0 | 0 |
_aDS294 _b.S2 |
| 100 | 2 | _aṢanʻatīźādah Kirmānī, ʻAbd al-Ḥusayn. | |
| 245 | 1 | 0 | _aNādir fātiḥ-i Dihlī. |
| 260 | _c[1957] | ||
| 300 |
_a500 p. _billus. _c25 cm. |
||
| 500 | _aRomanized. | ||
| 600 | 0 | 0 |
_aNādir Shāh, _cShah of Iran, _d1688-1747. |
| 999 |
_c49466 _d49466 |
||